000 00382nam a22001337a 4500
003 SGT
020 _a9789390625468
082 _a920
_bD21N
100 _aनिर्मलेंदु, कुमार
245 _aदिनकर:एक पुनर्विचार
260 _bलोकभारती पेपरबैक्स
_c2021
300 _a368
942 _2ddc
_cBK
999 _c31950
_d31950